| 000 -LEADER |
| fixed length control field |
02858cam a2200349 i 4500 |
| 001 - CONTROL NUMBER |
| control field |
21335989 |
| 003 - CONTROL NUMBER IDENTIFIER |
| control field |
NUST |
| 005 - DATE AND TIME OF LATEST TRANSACTION |
| control field |
20220720125712.0 |
| 008 - FIXED-LENGTH DATA ELEMENTS--GENERAL INFORMATION |
| fixed length control field |
191213s2020 paua b 001 0 eng |
| 010 ## - LIBRARY OF CONGRESS CONTROL NUMBER |
| LC control number |
2019057490 |
| 020 ## - INTERNATIONAL STANDARD BOOK NUMBER |
| International Standard Book Number |
9781799836612 |
| Qualifying information |
(hardcover) |
| 020 ## - INTERNATIONAL STANDARD BOOK NUMBER |
| International Standard Book Number |
9781799836629 |
| Qualifying information |
(paperback) |
| 020 ## - INTERNATIONAL STANDARD BOOK NUMBER |
| Canceled/invalid ISBN |
9781799836636 |
| Qualifying information |
(ebook) |
| 040 ## - CATALOGING SOURCE |
| Original cataloging agency |
DLC |
| Language of cataloging |
eng |
| Transcribing agency |
DLC |
| Description conventions |
rda |
| Modifying agency |
DLC |
| 042 ## - AUTHENTICATION CODE |
| Authentication code |
pcc |
| 050 00 - LIBRARY OF CONGRESS CALL NUMBER |
| Classification number |
QA76.758 |
| Item number |
.A3686 2020 |
| 082 00 - DEWEY DECIMAL CLASSIFICATION NUMBER |
| Classification number |
005.1, RHA |
| Edition number |
23 |
| 245 00 - TITLE STATEMENT |
| Title |
Advancements in model-driven architecture in software engineering / |
| Statement of responsibility, etc. |
Yassine Rhazali, editor. |
| 264 #1 - PRODUCTION, PUBLICATION, DISTRIBUTION, MANUFACTURE, AND COPYRIGHT NOTICE |
| Place of production, publication, distribution, manufacture |
Hershey, PA : |
| Name of producer, publisher, distributor, manufacturer |
Engineering Science Reference, an imprint of IGI Global, |
| Date of production, publication, distribution, manufacture, or copyright notice |
[2020] |
| 300 ## - PHYSICAL DESCRIPTION |
| Extent |
xix, 287 pages : |
| Other physical details |
color illustrations ; |
| Dimensions |
29 cm |
| 336 ## - CONTENT TYPE |
| Content type term |
text |
| Content type code |
txt |
| Source |
rdacontent |
| 337 ## - MEDIA TYPE |
| Media type term |
unmediated |
| Media type code |
n |
| Source |
rdamedia |
| 338 ## - CARRIER TYPE |
| Carrier type term |
volume |
| Carrier type code |
nc |
| Source |
rdacarrier |
| 505 2# - FORMATTED CONTENTS NOTE |
| Formatted contents note |
Chapter 1 Umple: An Executable UML-Based Technology for Agile Model-Driven Development (Page1-), Chapter 2 An Automatic Generation of Domain Ontologies Based on an MDA Approach to Support Big (Page-26), Chapter 3 An Overview of Knowledge Representation With Frames (Page-46),Chapter 4 MDE and MDA in a Multi-Paradigm Modeling Perspective (Page-64),Chapter 5 Cultivating Practitioners for Software Engineering Experiments in industry: Best Practices Learned From the Experience (Page-88),Chapter 6 Integration of Agile Methodologies and Model-Driven Development: Case Study-Based Comparison (Page-108), Chapter 7 The Contribution of MDA in Software-Defined Network: A Survey (Page-118), Chapter 8 Towards a Generation of Class Diagram From User Stories in Agile Methods (Page-135), Chapter 9 Extending the Knowledge Discovery Metamodel to Support Tasks and Presentation Behaviors of Design (Page-160),Chapter 10 Model Transformation Approach According Model-Driven Architecture From BPMN to UML Up to IFML (Page-172), Chapter 11 Towards a Systematic Derivation of an Analysis Model From Business Process Models in the Context of Model-Driven Architecture (Page-192), Chapter 12 A Disciplined Method to Generate UML2 Communication Diagrams Automatically From the Business Value Model (Page-218), Chapter 13 SERIES: A Software Risk Estimator Tool Support for Requirement Risk Assessment (Page-238). |
| 650 #0 - SUBJECT ADDED ENTRY--TOPICAL TERM |
| Topical term or geographic name entry element |
Software engineering. |
| 9 (RLIN) |
2256 |
| 650 #0 - SUBJECT ADDED ENTRY--TOPICAL TERM |
| Topical term or geographic name entry element |
Model-driven software architecture. |
| 9 (RLIN) |
94042 |
| 700 1# - ADDED ENTRY--PERSONAL NAME |
| Personal name |
Rhazali, Yassine, |
| Dates associated with a name |
1989- |
| Relator term |
editor. |
| 9 (RLIN) |
94043 |
| 776 08 - ADDITIONAL PHYSICAL FORM ENTRY |
| Relationship information |
Online version: |
| Title |
Advancements in model-driven architecture in software engineering |
| Place, publisher, and date of publication |
Hershey, PA : Engineering Science Reference, an imprint of IGI Global, [2020] |
| International Standard Book Number |
9781799836636 |
| Record control number |
(DLC) 2019057491 |
| 906 ## - LOCAL DATA ELEMENT F, LDF (RLIN) |
| a |
7 |
| b |
cbc |
| c |
orignew |
| d |
1 |
| e |
ecip |
| f |
20 |
| g |
y-gencatlg |
| 942 ## - ADDED ENTRY ELEMENTS (KOHA) |
| Source of classification or shelving scheme |
|
| Koha item type |
Book |